000 01007nam a2200253 4500
003 CO-ViMGA
020 _a9789588959054
040 _aCO-ViMGA
_bspa
_cCO-ViMGA
090 _aN CER3
100 1 _aCervantes Saavedra, Miguel de,
_98212
245 1 0 _aDon Quijote de la Mancha :
_bcapítulos I y VIII /
_cMiguel de Cervantes Saavedra ; editor Iván Hernández ; ilustrador Rafael Yockteng
250 _aEdición especial para el Ministerio de Cultura
260 _aBogotá :
_b Ministerio de Cultura,
_c2016
300 _a31 páginas :
_bilustraciones en color ; 27 cm
490 0 _aLeer es mi cuento ; 13
650 1 4 _a Historias De Aventuras;
_9837
650 1 4 _aCaballeros y Caballeria En La Literatura;
_98214
650 1 4 _aCervantes Saavedra, Miguel De, 1547-1616 ;
_98213
650 1 4 _aLiteratura Española - 1500-1700;
_93468
650 1 4 _aNovela Española - 1500-1700;
_93469
700 1 _aHernández, Iván, editor ;
_98215
700 1 _aYockteng, Rafael, ilustrador
_98216
942 _2ddc
_cBK
999 _c10370
_d10370